Matemáticas e interculturalidad
Wedi'i Gadw mewn:
| Prif Awduron: | , , , , , , , , , , , , |
|---|---|
| Awduron Eraill: | |
| Fformat: | Llyfr |
| Iaith: | Sbaeneg |
| Cyhoeddwyd: |
Barcelona
Graó
2006
|
| Rhifyn: | 1a. ed |
| Cyfres: | Biblioteca de Uno, 232
|
| Pynciau: | |
| Tagiau: |
Ychwanegu Tag
Dim Tagiau, Byddwch y cyntaf i dagio'r cofnod hwn!
|
MARC
| LEADER | 00000nam a2200000 a 4500 | ||
|---|---|---|---|
| 001 | UCH1044 | ||
| 003 | CL-VaPUC | ||
| 008 | 090402e20061000SP |||||||||||||||||spa|d | ||
| 020 | |a 8478274642 | ||
| 082 | 0 | 4 | |a 372.7 |b GOÑ |2 21 |
| 100 | |a Goñi Zabala, Jesús María |e author |9 534082 | ||
| 700 | 0 | |a Albertí Palmer, Miquel |e author |9 535368 | |
| 700 | 0 | |a Burgos Henríquez, Sandra |e author |9 535369 | |
| 700 | 0 | |a Díaz Díaz, Ruy |e author |9 535370 | |
| 700 | 0 | |a Domínguez García, Mónica |e author |9 535371 | |
| 700 | 0 | |a Fioriti, Gema Inés |e author |9 535372 | |
| 700 | |a Gorgorió Solà, Nuria |e author |9 535373 | ||
| 700 | 0 | |a Nunes Amancio, Chateaubriand |e author |9 535374 | |
| 700 | |a Oliveras Contreras, María Luisa |e autora |9 535375 | ||
| 700 | 0 | |a Planas Raig, Nuria |e author |9 535376 | |
| 700 | 0 | |a Prat Moratonas, Monserrat |e author |9 535377 | |
| 700 | 0 | |a Rojas Sateler, Francisco Javier |e author |9 535378 | |
| 700 | 0 | |a Santesteban Martínez, Montserrat |e author |9 535379 | |
| 700 | 0 | |a Vilella Miró, Xavier |e author |9 535380 | |
| 245 | 1 | 0 | |a Matemáticas e interculturalidad |
| 250 | |a 1a. ed | ||
| 300 | |a 149 p | ||
| 942 | |c BK | ||
| 945 | |d 20090402 00:00:00 |a dcastane | ||
| 260 | |a Barcelona |b Graó |c 2006 | ||
| 650 | 0 | |a Matemáticas |x Enseñanza |9 875527 | |
| 650 | 0 | |a Métodos de enseñanza |9 270413 | |
| 650 | 0 | |a Etnografía |9 309735 | |
| 650 | 0 | |a Interculturalidad |9 493451 | |
| 651 | 0 | |a España |9 254926 | |
| 583 | |a last modification |c 20090402 00:00:00 |k Rodrigo Vera | ||
| 490 | 0 | |a Biblioteca de Uno, 232 | |
| 999 | |c 333128 |d 333126 | ||
| 952 | |0 0 |1 0 |4 0 |6 372_700000000000000_GOÑ_2006 |7 0 |8 A |9 421315 |a BIBEDU |b BIBEDU |d 2019-11-22 |i 4531957 |o 372.7 GOÑ 2006 |p 4531957 |r 2019-11-22 |w 2019-11-22 |y BK |k PSI | ||